LEADER 01098nam0 22002891i 450 001 SUN0035677 005 20140625025023.238 010 $a07-13-13681-2 100 $a20050429d1990 |0engc50 ba 101 $aeng 102 $aGB 105 $a|||| ||||| 200 1 $aAircraft structures for engineering students$fT. H. G. Megson 205 $a2. ed 210 $aLondon$cArnold$d1990 215 $aXII, 569 p.$cill.$d24 cm. 620 $aGB$dLondon$3SUNL000015 676 $a629.13431$v21 700 1$aMegson$b, Thomas H. G.$3SUNV030094$0727744 712 $aElsevier$3SUNV000127$4650 790 1$aMegson, Thomas Henry Gordon$zMegson, Thomas H. G.$3SUNV068717 801 $aIT$bSOL$c20181109$gRICA 912 $aSUN0035677 950 $aUFFICIO DI BIBLIOTECA DEI DIPARTIMENTI DI INGEGNERIA$d05 CONS C III 101 $e05 2219 995 $aUFFICIO DI BIBLIOTECA DEI DIPARTIMENTI DI INGEGNERIA$bIT-CE0100$h2219$kCONS C III 101$oc$qa 996 $aAircraft structures for engineering students$91420826 997 $aUNICAMPANIA LEADER 01220nas 2200385-a 450 001 996211936903316 005 20181115064157.2 035 $a(DE-599)ZDB1480924-2 035 $a(OCoLC)42938157 035 $a(CKB)954933111400 035 $a(CONSER)--2008263063 035 $a(EXLCZ)99954933111400 100 $a19991206b19982002 s-- - 101 0 $aeng 135 $aurcnu|||||||| 181 $ctxt$2rdacontent 182 $cc$2rdamedia 183 $acr$2rdacarrier 200 00$aElectronic geosciences 210 $aBerlin ;$aHeidelberg $cSpringer-Verlag$d1998-©2002 300 $aRefereed/Peer-reviewed 311 $a1436-2511 606 $aGeology$xComputer programs$vPeriodicals 606 $aGeology$xStatistical methods$vPeriodicals 606 $aGeology$xComputer programs$2fast$3(OCoLC)fst00940638 606 $aGeology$xStatistical methods$2fast$3(OCoLC)fst00940698 608 $aPeriodicals.$2fast 615 0$aGeology$xComputer programs 615 0$aGeology$xStatistical methods 615 7$aGeology$xComputer programs. 615 7$aGeology$xStatistical methods. 906 $aJOURNAL 912 $a996211936903316 996 $aElectronic geosciences$92547765 997 $aUNISA LEADER 01805cam a2200313 4500 001 991003036069707536 005 20250430130202.0 008 940920n fr a b 000 0 fre d 035 $ab14271539-39ule_inst 035 $aCICOGNARA-1979$9ExL 040 $aBibl. Interfacoltà T. Pellegrino$bita 100 1 $aFréart, Roland$c$0399481 245 10$aParallele de l'architecture antique et de la moderne contenant les profils des plus beaux edifices de Rome comparés avec les dix principaux autheurs qui ont écrit des cinq ordres ... 250 $aSeconde ed. augmentée des piedestaux de chaque odre, suivant l'intention des m?mes autheurs. 260 $aA Paris :$bchez Charles Antoine Jombert, libraire du roy pour l'artillerie et le genie ... 300 $a[4], 8, [1], 100, [1] p. :$bant., ill.; $c2° (42 cm). 500 $aFront. con incisione. 500 $aAntiporta calcografica. 500 $aFrontoni, finali. 500 $aIncisioni calcografiche. 500 $aRiproduzione in microfiche dell'originale conservato presso la Biblioteca Apostolica Vaticana 787 18$iLeopoldo Cicognara Program :$tBiblioteca Cicognara$h[microform] : literary sources in the history of art and kindred subjects 787 18$tCatalogo ragionato dei libri d'arte e d'antichità / Leopoldo Cicognara 907 $a.b14271539$b01-04-22$c28-07-16 912 $a991003036069707536 945 $aLE002 SB Raccolta Cicognara, mcrf 509$g0$lle002$pE0.00$rn$so $t11$u0$v0$w0$x0$y.i15742659$z28-07-16 996 $aParallele de l'architecture antique et de la moderne contenant les profils des plus beaux edifices de Rome comparés avec les dix principaux autheurs qui ont écrit des cinq ordres ..$91389185 997 $aUNISALENTO 998 $ale002$b28-07-16$cm$dg $e-$ffre$gfr $h0$i1